000
00203 a2200097 4500
001
38310
100
_a
Robson Mike
245
_a
Facilitating
260
_a
England
_b
Gower
_c
1995
090
_c
24352
_d
24352
942
_a
NUST-CAE
_c
M
_c
15950
999
_c
273383
_d
273383